| 000 | 00471nam a22001577a 4500 | ||
|---|---|---|---|
| 005 | 20240422122937.0 | ||
| 008 | 240422b |||||||| |||| 00| 0 eng d | ||
| 041 | _aEnglish | ||
| 082 | _a349 LAW | ||
| 100 | _lEnglish | ||
| 245 |
_aThe Law Reports : Queens Bench Division _cedited by JR Bulwer |
||
| 260 |
_aLondon: _bLincoln's Inn, _c1876 |
||
| 300 |
_bxxiv, 803 pages ; _c26 cm. |
||
| 650 |
_aLegal practice _bLaw |
||
| 942 |
_cBK _6ALISON_BN_VRIES |
||
| 999 |
_c1544 _d1544 |
||